Ảnh hưởng của biến đổi khí hậu và thoái hóa đất đến hoang mạc hóa tỉnh Bình Thuận

Gardado en:
Detalles Bibliográficos
Autor Principal: Phạm, Quang Vinh
Outros autores: Nguyễn, Mạnh Hà
Formato: Libro
Idioma:Undetermined
Những chủ đề:
Acceso en liña:http://lrc.tdmu.edu.vn/opac/search/detail.asp?aID=2&ID=26548
Các nhãn: Engadir etiqueta
Sen Etiquetas, Sexa o primeiro en etiquetar este rexistro!
Thư viện lưu trữ: Trung tâm Học liệu Trường Đại học Thủ Dầu Một
LEADER 00741nam a2200157Ia 4500
001 TDMU_26548
008 210410s9999 xx 000 0 und d
082 |a 362.5 
100 |a Phạm, Quang Vinh 
245 0 |a Ảnh hưởng của biến đổi khí hậu và thoái hóa đất đến hoang mạc hóa tỉnh Bình Thuận 
245 0 |c Phạm Quang Vinh, Nguyễn Mạnh Hà 
300 |a Tr.337-343 
650 |a Hoang mạc hóa; Biến đổi khí hậu; Thoái hóa đất; Bình Thuận; Địa lý địa chất 
700 |a Nguyễn, Mạnh Hà 
856 |u http://lrc.tdmu.edu.vn/opac/search/detail.asp?aID=2&ID=26548 
980 |a Trung tâm Học liệu Trường Đại học Thủ Dầu Một